El pasajero: peregrino español en américa
Salvato in:
| Autore principale: | |
|---|---|
| Natura: | Libro |
| Lingua: | spagnolo |
| Pubblicazione: |
Ciudad de México
Séneca
1943
|
| Soggetti: | |
| Tags: |
Aggiungi Tag
Nessun Tag, puoi essere il primo ad aggiungerne!!
|
MARC
| LEADER | 00000nam a2200000 a 4500 | ||
|---|---|---|---|
| 001 | UCZ0943 | ||
| 003 | CL-VaPUC | ||
| 008 | 950810e19430000MX |||||||||||||||||spa|d | ||
| 082 | 0 | 4 | |a 864 |b BER |2 21 |
| 100 | |a Bergamin, José |e author |9 575354 | ||
| 245 | 1 | 3 | |a El pasajero: peregrino español en américa |
| 300 | |a 3 v | ||
| 942 | |c BK | ||
| 945 | |d 19950810 00:00:00 |a rbrito | ||
| 260 | |a Ciudad de México |b Séneca |c 1943 | ||
| 650 | 0 | |a Ensayos españoles |9 313128 | |
| 583 | |a last modification |c 19950810 00:00:00 |k Rodrigo Vera | ||
| 999 | |c 237808 |d 237806 | ||
| 952 | |0 0 |1 0 |4 0 |6 864_000000000000000_BER_1943 |7 0 |8 A |9 247508 |a BIBEDU |b BIBEDU |d 2019-11-18 |h v.1 |i 3103919 |o 864 BER 1943 |p 3103919 |r 2019-11-18 |w 2019-11-18 |y BK |k LIT | ||
| 952 | |0 0 |1 0 |4 0 |6 864_000000000000000_BER_1943 |7 0 |8 A |9 247509 |a BIBEDU |b BIBEDU |d 2019-11-18 |h v.2 |i 3106195 |o 864 BER 1943 |p 3106195 |r 2019-11-18 |w 2019-11-18 |y BK |k LIT | ||
| 952 | |0 0 |1 0 |4 0 |6 864_000000000000000_BER_1943 |7 0 |8 A |9 247510 |a BIBEDU |b BIBEDU |d 2019-11-18 |h v.3 |i 3115216 |o 864 BER 1943 |p 3115216 |r 2019-11-18 |w 2019-11-18 |y BK |k LIT | ||